00660nam a2200229Ia 4500003000900000008004100009040001300050040001300063041000800076100001800084245002000102250000900122260001200131260000900143300001100152300001000163490002800173490000600201942000700207999001700214952019900231IT-RoPAU120407s9999 xx 000 0 und d aIT-RoPAU cIT-RoPAU aita aSilvio Golzio aLa popolazione. aRoma aStudium c1953 a119 p. c17 cm aUniversale Studium, 29 v1 cBK c24670d24670 00102ddc406040_12900000000000071aPAULUSbPAULUSd2012-04-11l0o040.129r2012-04-11 00:00:00w2012-04-11yBKzInserito da: Anna In data: 12 settembre 2011 fondo: Via A.Severo 56 Progr:20867